Motion of Particles in the vicinity of a slowly Rotating Black hole in horava-lifshitz Gravity (Record no. 526287)

000 -LEADER
fixed length control field 00587nam a22001817a 4500
003 - CONTROL NUMBER IDENTIFIER
control field NUST
020 ## - INTERNATIONAL STANDARD BOOK NUMBER
Qualifying information Hardcover.
038 ## - RECORD CONTENT LICENSOR
Staff Name Mr. Zahoor
082 ## - DEWEY DECIMAL CLASSIFICATION NUMBER
Classification number 530
100 ## - MAIN ENTRY--PERSONAL NAME
Personal name Ahmad, Tanveer
9 (RLIN) 17263
245 ## - TITLE STATEMENT
Title Motion of Particles in the vicinity of a slowly Rotating Black hole in horava-lifshitz Gravity
Statement of responsibility, etc. Tanveer Ahmad
260 ## - PUBLICATION, DISTRIBUTION, ETC.
Place of publication, distribution, etc. Islamabad :
Name of publisher, distributor, etc. SNS - NUST,
Date of publication, distribution, etc. 2016.
300 ## - PHYSICAL DESCRIPTION
Extent viii, 66 p. : ill. ;
Dimensions 30cm.
650 ## - SUBJECT ADDED ENTRY--TOPICAL TERM
Topical term or geographic name entry element Physics - M. Phil Thesis
9 (RLIN) 16472
700 ## - ADDED ENTRY--PERSONAL NAME
Personal name Dr. Ibrar Hussain
9 (RLIN) 16887
856 ## - ELECTRONIC LOCATION AND ACCESS
Uniform Resource Identifier <a href="http://10.250.8.41:8080/xmlui/handle/123456789/4318">http://10.250.8.41:8080/xmlui/handle/123456789/4318</a>
942 ## - ADDED ENTRY ELEMENTS (KOHA)
Source of classification or shelving scheme
Koha item type Thesis
Holdings
Withdrawn status Lost status Source of classification or shelving scheme Damaged status Not for loan Permanent Location Current Location Shelving location Date acquired Total Checkouts Full call number Barcode Date last seen Price effective from Koha item type
          Central Library (CL) Central Library (CL) Thesis 07/10/2019   530 CL-T-2159 07/11/2019 07/10/2019 Thesis
© 2023 Central Library, National University of Sciences and Technology. All Rights Reserved.